000 00307nam a22001337a 4500
008 181107b xxu||||| |||| 00| 0 eng d
020 _a9781426202131
041 _aeng
080 _a610
100 _a3
101 _aSHM
245 _aSix Defrets Our fUTURE.A Hoter Planet
_cLynas.M
942 _2udc
_cBK
999 _c52060
_d52060